Un vistazo a los medios de comunicación colectiva en Costa Rica /

A pesar de la ubicación estratégica de los medios de comunicación en la madeja de las relaciones de poder, su existecia es siempre frágil. Es decir, los medios que no venden su producto principal, la información, desaparecen. De acuerdo con encuestas de opinión pública los ciudadanos tienen una enor...

Celý popis

Uloženo v:
Podrobná bibliografie
Hlavní autor: Durán Hidalgo, Elberth
Médium: Text
Témata:
Tagy: Přidat tag
Žádné tagy, Buďte první, kdo vytvoří štítek k tomuto záznamu!

MARC

LEADER 00000 a a2200000 04500
001 40999
003
040
100 |a Durán Hidalgo, Elberth  
245 |a Un vistazo a los medios de comunicación colectiva en Costa Rica /  |c Elberth Durán Hidalgo  
520 |a A pesar de la ubicación estratégica de los medios de comunicación en la madeja de las relaciones de poder, su existecia es siempre frágil. Es decir, los medios que no venden su producto principal, la información, desaparecen. De acuerdo con encuestas de opinión pública los ciudadanos tienen una enorme credibilidad de la población en la prensa costarricense.A juicio del autor la legislación restrictiva a la que se atienen los sectores del poder político para mantenerla a raya según sus particulares intereses. Por ese camino y ante la tendencia vigente hacia una sociedad más poroso, más compleja desde elpunto de vista de diversidad de actores sociales y económicos, la prensa irá quedando en desventaja para actuar conforme a la demanda del control ciudadano. 
650 |a MEDIOS DE COMUNICACION DE MASAS/ASPECTOS POLITICOS/PRENSA/TV/RADIO  
773 |g páginas 143-155  
999 |c 26345  |d 26345